000 00325nam a2200145Ia 4500
005 20251222153525.0
008 251222s9999||||xx |||||||||||||| ||spa||
020 _a8478882456
082 _a863/G11
100 _aGabaldon, Diana
245 0 _aAtrapada en el Tiempo
250 _a4ta.ed.
264 _bEmecé
942 _cLIB
999 _c29877
_d29877